000 00320nam a22001457a 4500
008 210602b ||||| |||| 00| 0 eng d
020 _a9781885167071
041 _aeng
080 _a316
082 _a316
100 _a50
101 _aSOC
245 _aBeyond the Wall of Resistance
_cRick Maurer
942 _2udc
_cBK
999 _c57885
_d57885